Catálogo público

A fieldstudy on sumatran oraguntans (Pongo pygfmaeus Abelii Lesson 1827) ecology, behaviour and conservation (Record no. 48465)

MARC details
000 -CABECERA
campo de control de longitud fija 00901cam a22002777a 4500
003 - IDENTIFICADOR DEL NÚMERO DE CONTROL
campo de control CHAP
005 - FECHA Y HORA DE LA ÚLTIMA TRANSACCIÓN
campo de control 20220329140210.0
008 - DATOS DE LONGITUD FIJA--INFORMACIÓN GENERAL
campo de control de longitud fija 971013s1978 r 00010 d
010 ## - NÚMERO DE CONTROL DE LA BIBLIOTECA DEL CONGRESO
Número de control de LC 48465
011 ## - ENLACE DEL NUMERO DE CONTROL DE LA BIBLIOTECA DEL CONGRESO [OBSOLETO]
Número de control de LC 49437
035 ## - NÚMERO DE CONTROL DEL SISTEMA
Número de control de sistema 53585
040 ## - FUENTE DE LA CATALOGACIÓN
Centro/agencia transcriptor CHAP
082 ## - NÚMERO DE LA CLASIFICACIÓN DECIMAL DEWEY
Número de clasificación 599.884
Número de documento/Ítem R5
100 00 - ENTRADA PRINCIPAL--NOMBRE DE PERSONA
Nombre de persona Rijksen, H. D. C.
9 (RLIN) 97421
245 12 - MENCIÓN DE TÍTULO
Título A fieldstudy on sumatran oraguntans (Pongo pygfmaeus Abelii Lesson 1827) ecology, behaviour and conservation
260 ## - PUBLICACIÓN, DISTRIBUCIÓN, ETC.
Lugar de publicación, distribución, etc. Wageningen :
Nombre del editor, distribuidor, etc. Veenman & Zonen,
Fecha de publicación, distribución, etc. 1978
300 ## - DESCRIPCIÓN FÍSICA
Extensión 420 p.
Otras características físicas : ilus.
490 #0 - MENCIÓN DE SERIE
Mención de serie Mededelingen Landbouwhogeschool
Designación de volumen o secuencia ; 78-2
590 ## - NOTA LOCAL (RLIN)
Nota local BATCH-UPD
Procedencia (VM) [OBSOLETO] 10
Condición del los carretes individuales (VM) [OBSOLETO] 20130110
-- UCH01
-- 2120
590 ## - NOTA LOCAL (RLIN)
Nota local CONVERSION
Procedencia (VM) [OBSOLETO] 10
Condición del los carretes individuales (VM) [OBSOLETO] 20130109
-- UCH01
-- 1326
650 14 - PUNTO DE ACCESO ADICIONAL DE MATERIA--TÉRMINO DE MATERIA
Término de materia o nombre geográfico como elemento de entrada Orangutanes.
9 (RLIN) 83396
830 0# - PUNTO DE ACCESO ADICIONAL DE SERIE-TÍTULO UNIFORME
Título uniforme Mededelingen Landbouwhogeschool
Designación de volumen o secuencia ; 78-2
9 (RLIN) 73858
901 ## - ELEMENTOS DE DATOS A LOCAL LDA (RLIN)
a BK
942 ## - ELEMENTOS DE PUNTO DE ACCESO ADICIONAL (KOHA)
Tipo de ítem Koha Libro
949 ## - PROCESAMIENTO DE INFORMACIÓN LOCAL (OCLC)
a 599.884 R5
b BC
c LIBRO
d 33724000365235
e LIBRO
h 43651
i 53585
s i
Holdings
Estado de retiro Estado de pérdida Fuente del sistema de clasificación o colocación Estado dañado Restricciones de uso No para préstamo Código de colección Localización permanente Ubicación/localización actual Ubicación en estantería Fecha de adquisición Información codificada de la localización en otra ubicación Total de préstamos Signatura topográfica completa Código de barras Fecha visto por última vez Precio válido a partir de Tipo de ítem Koha
    Dewey Decimal Classification   Préstamo 15 días   General Biblioteca Central Biblioteca Central Planta alta - Colección General 31/12/2019 LIBRO   599.884 R5 33724000365235 31/12/2019 31/12/2019 Libro